Vzdelávanie v oblasti podnikania: príručka pre učiteľov

Guardado en:
Detalles Bibliográficos
Formato: Libro
Lenguaje:eslovaco
Publicado: Brusel Európska komisia. Generálne riaditeľstvo pre podniky a priemysel 2014
Materias:
Etiquetas: Agregar Etiqueta
Sin Etiquetas, Sea el primero en etiquetar este registro!

MARC

LEADER 00000nam a2200000 4500
001 0196366
005 20240313133644.9
020 |a 978-92-79-30923-6 
041 0 |a slo 
044 |a BE 
245 1 0 |a Vzdelávanie v oblasti podnikania: príručka pre učiteľov 
264 1 |a Brusel  |b Európska komisia. Generálne riaditeľstvo pre podniky a priemysel  |c 2014 
300 |a 97 s. 
610 2 0 |a vzdelávanie dospelých 
610 2 0 |a vyučovanie 
610 2 0 |a pedagogika 
610 2 0 |a učitelia 
610 2 0 |a podnikanie